000 00459nam a2200181 a 4500
001 1769943201194
003 YourLibrary
005 20260201164119.0
008 260201s1994##################000#0#eng##
020 _a9780072292367
082 0 4 _a302.35
_bSTA
100 1 _aStacey, James E.,
_eauthor.
245 1 0 _aThe Corporate Social Challenge :
260 _c1994.
650 0 _aIndustries.
942 _cENGLISH
040 _aYourLibrary
_beng
_cYourLibrary
999 _c609922
_d609922